Las experiencias clave de High Scope para el nivel preescolar: compendio de lecturas

Saved in:
書目詳細資料
主要作者: Barocio Quijano, Roberto (Author)
格式: 圖書
語言:西班牙语
出版: Ciudad de México Trillas 1998
主題:
標簽: 添加標簽
沒有標簽, 成為第一個標記此記錄!

MARC

LEADER 00000nam a2200000 a 4500
001 UCN1871
003 CL-VaPUC
008 010504e19980000MX |||||||||||||||||spa|d
082 0 4 |a 372.21  |b BAR  |2 21 
100 0 |a Barocio Quijano, Roberto  |e author  |9 457391 
245 1 4 |a Las experiencias clave de High Scope para el nivel preescolar: compendio de lecturas 
300 |a 82 p 
942 |c BK 
945 |d 20010504 00:00:00  |a cmena 
260 |a Ciudad de México  |b Trillas  |c 1998 
650 0 |a Educación preescolar  |9 260381 
650 0 |a Métodos de enseñanza  |9 270413 
650 0 |a Métodos de aprendizaje  |9 334464 
583 |a last modification  |c 20010504 00:00:00  |k Rodrigo Vera 
999 |c 295096  |d 295094 
952 |0 0  |1 0  |4 0  |6 372_210000000000000_BAR_1998  |7 0  |8 A  |9 348025  |a BIBEDU  |b BIBEDU  |c ES_NOD  |d 2019-11-20  |i 3717739  |o 372.21 BAR 1998  |p 3717739  |r 2023-08-09  |w 2019-11-20  |y BK  |k EPE